Państwa, które osiągną największy wzrost do 2070 roku - Statystyki

Ogólne statystyki
  • Ten quiz został rozwiązany 8 razy
  • Średni wynik to 11 z 20
Statystyki odpowiedzi
% Państwo % Poprawnych
285 Niger
100%
202 Demokratyczna Republika Konga
86%
168 Angola
71%
171 Czad
71%
126 Malawi
71%
128 Uganda
71%
136 Burundi
57%
134 Kamerun
57%
180 Mali
57%
142 Mauretania
57%
165 Republika Środkowoafrykańska
57%
175 Somalia
57%
163 Tanzania
57%
134 Wybrzeże Kości Słoniowej
57%
149 Benin
43%
144 Mozambik
43%
127 Sudan
43%
149 Senegal
29%
138 Zambia
29%
127 Vanuatu
0%
Nie znaleziono quizów pasujących do podanych kryteriów
Rozkład punktacji
Procent ludzi z każdym wynikiem
Percentyl według liczby udzielonych odpowiedzi
Twoja historia wyników
Nie rozwiązałeś tego quizu